Fyzika 1 Mechanika hmotného bodu Mechanika sústavy 1. časť

Bibliographic Details
Main Authors: Baník, Ivan, 1936-2017 (Author), Zámenčík, Jozef (Author)
Format: Book
Language:Slovak
PhysicalDescription:84 s. ilustr. 29 cm
Published: V Bratislave Slovenská technická univerzita 2006
ISBN:8022724734
Edition:1. vyd.
Series:Edícia skrípt
Subjects:

MARC

LEADER 00000nam a2200000 a 4500
001 vtls008943157
003 SK-MaSNL
005 20260301022849.0
008 240318s2006 xo a d p 000 0 slo
015 |a SNBA2007/04-01619 
020 |a 8022724734  |q (brož.) 
035 |a 5EC4004D-5697-446D-AE71-305EBE14DE7A 
035 |a urn:nbn:sk:snk-amjv1d 
035 |a urn:nbn:sk:snk-am007yu4 
040 |a SNK  |b slo  |c SNK  |e AACR2 
041 0 |a slo 
044 |a xo  |c SK 
072 7 |a 531  |x Všeobecná mechanika. Mechanika pevných a tuhých telies  |2 konspekt 
072 7 |a 37.016  |x Učebné osnovy. Vyučovacie predmety. Učebnice  |2 konspekt 
080 |a 53  |2 2001 
080 |a 531.32  |2 2001 
080 |a 531  |2 2001 
080 |a (075.8)  |2 2001 
100 1 |a Baník, Ivan,  |d 1936-2017  |4 aut  |9 99250 
245 1 0 |a Fyzika 1  |p Mechanika hmotného bodu  |p Mechanika sústavy  |n 1. časť  |c Ivan Baník, Jozef Zámečník 
246 3 0 |a Mechanika hmotného bodu 
246 3 0 |a Mechanika sústavy 
250 |a 1. vyd. 
260 |a V Bratislave  |b Slovenská technická univerzita  |c 2006 
300 |a 84 s.  |b ilustr.  |c 29 cm 
366 |e 100 výtl. 
490 1 |a Edícia skrípt 
504 |a Bibliogr. odkazy. Pozn. 
650 0 7 |a fyzika  |2 SNKPH  |9 816 
650 0 7 |a mechanika hmotného bodu  |2 SNKPH  |9 314238 
650 0 7 |a mechanika tuhých telies  |2 SNKPH  |9 3628 
655 7 |a učebnice vysokých škôl  |2 SNKPH  |9 70191 
700 1 |a Zámenčík, Jozef  |4 aut  |9 314239 
752 |a Slovensko  |d Bratislava 
810 2 |a Slovenská technická univerzita v Bratislave.  |b Stavebná fakulta  |t Edícia skrípt  |9 189967 
919 |a 80-227-2473-4 
958 |a OND 
958 |a NB 
968 |d 53+54 
999 |c 568078  |d 570008 
952 |a SNK  |b SNK  |y PREZ  |7 0  |p 17A0539037  |o snkSB 73821/1  |i snk2007/3442  |8 0  |0 0  |1 0  |4 0  |d 2007-02-06  |l 0  |r 2025-04-24 00:00:00  |w 2026-02-23 
952 |a SNK  |b SNK  |y VYP  |7 0  |p 17A0539036  |o snkSB 73821/1 D1  |i snk2007/3443  |8 0  |0 0  |1 0  |4 0  |d 2007-02-06  |f 1  |l 0  |r 2016-06-30 00:00:00  |w 2026-02-23